[Event "Sapporo Autumn Chess Tornament 2019"]
[Site "?"]
[Date "2019.10.13"]
[Round "1.1"]
[White "Kojima, Shinya"]
[Black "Kojima, Natsumi"]
[Result "1/2-1/2"]
[WhiteElo "2497"]
[BlackElo "1772"]
[Annotator "Fritz 11 SE (30s)"]
[PlyCount "35"]
[EventDate "2019.10.13"]

{C55: Two Knights: 4 d3, 4 d4 exd4 5 e5 and Max Lange Attack} 1. e4 e5 2. Nf3
Nc6 3. Bc4 Nf6 4. d3 Be7 5. O-O O-O 6. Re1 d6 7. a4 Kh8 8. c3 Ng8 9. d4 Bg4 (
9... f5 10. dxe5 fxe4 11. Rxe4 Rxf3 12. gxf3 Nxe5 13. Rxe5 dxe5 14. Qxd8 Bxd8
15. Nd2 Nf6 16. Ne4 Nxe4 17. fxe4 Bg4 18. Kg2 Bh4 19. f3 Bh5 20. Be3 Rd8 21. b4
h6 {1/2-1/2 (21) Fedorchuk,S (2635)-Giri,A (2722) Germany 2012}) 10. d5 Nb8 11.
Be2 $146 (11. h3 Bc8 (11... Bxf3 12. Qxf3 Bg5 13. a5 a6 14. Nd2 Ne7 15. Qh5 f6
16. Bd3 Nd7 17. b4 g6 18. Qe2 f5 19. Bb2 Nf6 20. Nf3 fxe4 21. Bxe4 Nxe4 22.
Qxe4 Bf6 23. c4 Qd7 24. Qg4 Qf5 25. Re2 h5 26. Qe4 {Fedorov,A (2604)
-Blagojevic,D (2548) Jahorina 2003 1-0 (52)}) 12. Nbd2 f5 13. exf5 Bxf5 14. Qb3
Qc8 15. a5 a6 16. Bf1 Nd7 17. c4 Ngf6 18. Qc3 Nc5 19. b4 Nce4 20. Nxe4 Nxe4 21.
Qb3 h6 22. Ra2 Nf6 23. Rd2 Bh7 24. Bb2 Qf5 25. c5 Ne4 {Zhang,Z (2649)-Friedel,
J (2498) Beijing 2008 1-0 (78)}) (11. Bd3 Bxf3 12. Qxf3 Bg5 13. a5 c5 14. dxc6
bxc6 15. Bxg5 Qxg5 16. Na3 Nd7 17. Nc4 Qe7 18. Rad1 Nc5 19. Bc2 Rad8 20. b4 Ne6
21. Rd2 Nf6 22. Red1 Ne8 23. Ne3 g6 24. Nc4 f6 25. g3 Ng5 {Djingarova,E (2292)
-Krivec,J (2284) Nova Gorica 2005 1/2-1/2}) (11. h3 Bh5 $16) 11... a5 (11...
Nf6 12. Nbd2 $14) 12. Be3 (12. h3 Bh5 $16) 12... Bxf3 13. Bxf3 {White has the
pair of bishops} (13. gxf3 $6 Bg5 $11) 13... Bg5 14. Nd2 f5 (14... Bxe3 15.
Rxe3 Nd7 16. Qc2 $14) 15. exf5 $16 Rxf5 (15... Bxe3 16. Rxe3 Rxf5 17. Qc2 $16)
16. Bg4 (16. Be4 Rf8 $16) 16... Rf8 17. Ne4 Bxe3 18. Rxe3 1/2-1/2

[Event "Sapporo Autumn Chess Tornament 2019"]
[Site "?"]
[Date "2019.10.13"]
[Round "1.2"]
[White "Watanabe, Katsumi"]
[Black "Sugimoto, Koichi"]
[Result "0-1"]
[WhiteElo "1723"]
[BlackElo "1987"]
[Annotator "Fritz 11 SE (30s)"]
[PlyCount "56"]
[EventDate "2019.10.13"]

{A28: English Opening: Four Knights Variation} 1. c4 e5 2. Nc3 Nf6 3. e4 Bc5 4.
Be2 Nc6 5. Nf3 d6 6. O-O O-O 7. d3 h6 8. a3 $146 {Consolidates b4} (8. Be3 a6
9. d4 exd4 10. Nxd4 Ne5 11. f3 Re8 12. Qd2 Qe7 13. Rae1 c6 14. Kh1 Bd7 15. Nc2
Bxe3 16. Nxe3 Rad8 17. b4 Ng6 18. Nf5 Bxf5 19. exf5 Nf8 20. Bd3 Qc7 21. Ne4
N8d7 22. Bc2 Nxe4 {Larin,V (2157)-Petrov,A (2195) Tambov 2008 1-0 (40)}) 8...
a5 9. Qc2 Bg4 10. Be3 Nd4 11. Bxd4 exd4 12. Nd5 Be6 13. b4 Ba7 14. b5 {White
gains space} (14. g3 Bg4 $11) 14... c6 (14... Bc5 15. Nf4 $11) 15. bxc6 (15. b6
Bxb6 16. Nxb6 Qxb6 $11) 15... bxc6 16. Nf4 (16. Nxf6+ Qxf6 17. Qa4 Rfc8 $11)
16... Bd7 $15 17. e5 Ne8 18. exd6 Nxd6 19. c5 (19. Ne5 Be8 20. Nf3 Bc5 $11)
19... Nf5 (19... Nb7 20. Rfe1 $17 (20. Nxd4 $2 {doesn't solve anything} Qf6 $19
)) 20. Ne5 Be8 (20... Re8 21. Nxd7 Qxd7 22. Bg4 $15) 21. Bf3 {White threatens
to win material: Bf3xc6} (21. Qc4 Kh8 22. Rae1 $11) 21... Rc8 (21... Nh4 $142 {
and Black can hope to survive} 22. Rae1 Qg5 $15) 22. Qc4 $16 Bb8 23. Rfe1 Qf6
24. Nfg6 Bxe5 (24... Rd8 $5 $14) 25. Nxe5 $16 Rd8 26. Bg4 (26. Qa6 $142 $16)
26... Rd5 $11 27. Bxf5 Qxf5 28. Re4 $4 (28. Nf3 $142 {was much better} Rxc5 29.
Qxd4 $11) 28... Rxe5 $19 0-1

[Event "Sapporo Autumn Chess Tornament 2019"]
[Site "?"]
[Date "2019.10.13"]
[Round "1.3"]
[White "Drakakis, Athanasios"]
[Black "Kikuchi, Akira"]
[Result "1-0"]
[WhiteElo "1876"]
[BlackElo "1718"]
[Annotator "Fritz 11 SE (30s)"]
[PlyCount "85"]
[EventDate "2019.10.13"]

{D05: Colle System with ...e6} 1. d4 d5 2. Nf3 c5 3. e3 Nf6 4. c3 Nc6 5. Bd3 e6
6. O-O b6 (6... Qc7 7. Nbd2 Be7 8. dxc5 Bxc5 9. Qe2 Ne5 10. Nxe5 Qxe5 11. e4
Qh5 12. Bb5+ Kf8 13. Qxh5 Nxh5 14. Nb3 Bd6 15. Rd1 Nf6 16. exd5 exd5 17. Bg5
Ne4 18. Be3 Be6 19. f3 Nf6 20. Nd4 a6 21. Ba4 {Gausel,E (2540)-Wedberg,T (2475)
Munkebo 1998 1/2-1/2 (87)}) 7. Qe2 Be7 8. Nbd2 Bb7 9. b3 $146 (9. Rd1 O-O 10.
a3 Rc8 11. b4 cxb4 12. cxb4 a5 13. b5 Nb8 14. Bb2 Ne4 15. Rac1 Qd6 16. Bb1 Nd7
17. Nxe4 dxe4 18. Nd2 f5 19. Nc4 Qb8 20. Rc3 Bd5 21. Rdc1 Rcd8 22. f3 exf3 23.
gxf3 Bf6 {Buchnicek,P (2322)-Repkova,E (2391) Slovakia 2008 1-0 (42)}) 9... O-O
10. Bb2 cxd4 11. exd4 Rc8 12. Rae1 Qc7 13. Ne5 h6 (13... Nxe5 14. dxe5 (14.
Qxe5 $143 Bd6 15. Qe2 Bxh2+ 16. Kh1 Bd6 $17) 14... Nd7 15. b4 $11) 14. f4 $14
Bd6 15. Rf3 Nd7 16. Ref1 Ne7 ({Weaker is} 16... Ndxe5 17. fxe5 (17. dxe5 $6
Bc5+ 18. Kh1 Kh8 $14) 17... Be7 18. Rg3 $18) 17. Rh3 f5 {Black has a new
backward pawn: e6} 18. Ndf3 (18. Bb5 Nf6 $14) 18... Nf6 $11 19. Nh4 {White has
an active position} Ne4 {Black threatens to win material: Ne4xc3} 20. Bb1 Rf6
21. Kh1 Nxc3 $4 {there were better ways to keep up the pressure.} (21... Rff8
$142 $11 {the rescuing straw}) 22. Rxc3 $18 Qd8 23. Rxc8 Qxc8 24. Rc1 Qe8 25.
Bd3 Qd8 26. Nhf3 Qe8 (26... Ng6 {cannot change what is in store for White} 27.
g3 $18) 27. Bb5 Qh5 28. Ng1 (28. Nd7 $142 {finishes off the opponent} Rg6 29.
Nfe5 Qxe2 30. Bxe2 Rf6 $18) 28... Qxe2 29. Nxe2 g5 (29... Rf8 {is no salvation}
30. Bd7 Rf6 31. Kg1 $18) 30. g3 (30. Bd7 {keeps an even firmer grip} Ba6 31.
Ng3 Kh7 $18) 30... Kg7 31. a4 (31. h4 {and White can already relax} gxh4 32.
gxh4 Rf8 $18) 31... g4 (31... Rf8 {doesn't get the cat off the tree} 32. Kg2
$18) 32. Ra1 (32. Bd7 {might be the shorter path} a6 $18) 32... h5 (32... Rf8 {
is not the saving move} 33. a5 $18) 33. Ba3 Nc8 (33... Bxa3 {desperation} 34.
Rxa3 a6 $18) 34. Bxd6 Nxd6 35. Rc1 Kh6 (35... Kg8 {does not save the day} 36.
Rc7 Rh6 37. Rd7 Nxb5 38. Rxb7 $18) 36. Rc7 h4 (36... Bc8 {a fruitless try to
alter the course of the game} 37. Rxa7 Rf8 38. Rc7 $18) 37. Rd7 Nxb5 38. Rxb7 (
38. axb5 $142 {makes sure everything is clear} Bc8 39. Rd8 a6 40. Rxc8 axb5 41.
gxh4 Kg7 $18) 38... Nd6 39. Rxa7 Ne4 (39... h3 {does not help much} 40. Rc7 $18
) 40. Rb7 hxg3 (40... Rf8 {does not improve anything} 41. Rxb6 Rc8 42. Nc6 $18)
41. Nxg3 Rf8 (41... Nf2+ {doesn't change anything anymore} 42. Kg2 Nh3 43. Ne2
$18) 42. Rxb6 Rh8 (42... Kg7 {praying for a miracle} 43. a5 Rc8 44. Nxe4 Rc1+
45. Kg2 dxe4 $18) 43. Nf7+ (43. Nf7+ Kh7 44. Nxh8 $18) (43. Nxf5+ Kh7 44. Rb7+
Kg8 45. Rg7+ Kf8 46. Rf7+ Ke8 47. Ng7+ Kd8 48. Nc6+ Kc8 49. Nxe6 Ng3+ 50. Kg2
Rxh2+ 51. Kxh2 Nf1+ 52. Kg1 Ne3 53. Rc7#) 1-0

[Event "Sapporo Autumn Chess Tornament 2019"]
[Site "?"]
[Date "2019.10.13"]
[Round "1.4"]
[White "Sato, Yasuji"]
[Black "Yoshii, Yukihiko"]
[Result "1-0"]
[WhiteElo "1453"]
[BlackElo "1851"]
[Annotator "Fritz 11 SE (30s)"]
[PlyCount "61"]
[EventDate "2019.10.13"]

{B50: Sicilian: 2...d6, Miscellaneous} 1. e4 c5 2. Nf3 d6 3. c3 Nf6 4. Bc4 Bg4
(4... Nxe4 5. Qa4+ Nc6 6. Bxf7+ Kxf7 7. Qxe4 Qd7 8. d4 cxd4 9. cxd4 Qf5 10. Qe2
e6 11. Nc3 Be7 12. g4 Qg6 13. h4 e5 14. Qc4+ d5 15. Qxd5+ Be6 16. Qxc6 bxc6 17.
Nxe5+ Kg8 18. Nxg6 hxg6 19. g5 {Fish,G (2529)-Bromberger,S (2505) Germany 2006
1-0 (56)}) (4... Qc7 5. Qe2 Bg4 6. h3 Bxf3 7. Qxf3 Nc6 8. Bb3 g6 9. d3 Bg7 10.
Be3 O-O 11. Nd2 Nd7 12. g4 b5 13. h4 Nce5 14. Qe2 Rac8 15. Bd1 c4 16. dxc4 bxc4
17. Bc2 Qb7 18. Rb1 Nf6 19. g5 {Manakova,I (2244)-Gaponenko,I (2451) Sochi
2007 0-1}) 5. Qb3 e6 $146 {Prevents intrusion on d5} (5... Qb6 6. Bxf7+ Kd7 7.
e5 Qxb3 8. Bxb3 Bxf3 9. exf6 Be4 10. fxg7 Bxg7 11. Ke2 Nc6 12. d3 Bg6 13. Be3
b5 14. Nd2 Ne5 15. d4 Bd3+ 16. Kd1 Ng4 17. Bc2 Bxc2+ 18. Kxc2 cxd4 19. cxd4 e5
20. Nf3 {Koroljova,V (2165)-Qveliashvili,T (2210) Tallinn 1997 1/2-1/2 (59)})
6. Qxb7 Nbd7 7. d4 (7. O-O Rb8 8. Qxa7 Nxe4 $14) 7... h6 {Covers g5} (7... Rb8
$5 {must definitely be considered} 8. Qxa7 Nxe4 $14) 8. Nbd2 $16 Be7 9. h3 {
White threatens to win material: h3xg4} (9. e5 Rb8 10. Qc6 dxe5 11. dxe5 Nd5
$16) 9... Bh5 10. e5 Nh7 $2 (10... Rb8 11. Qxa7 dxe5 12. Nxe5 $16) 11. d5 $4 {
White is ruining his position} (11. Bb5 {makes it even easier for White} Rc8
12. exd6 Bxd6 $18) 11... Nhf8 $2 (11... Rb8 $142 12. Qxa7 exd5 13. Bxd5 O-O $16
) 12. exd6 Bxd6 13. O-O Qb8 (13... Qc8 14. Qb5 Rb8 15. Qa4 Bxf3 16. Nxf3 exd5
17. Re1+ Ne6 18. Bxd5 $18) 14. Qc6 Bxf3 15. Nxf3 (15. gxf3 $6 Ke7 $18) 15... e5
(15... Ke7 {cannot change destiny} 16. Re1 Qc7 17. Qxa8 $18) 16. Re1 (16. Nh4 {
seems even better} g6 17. f4 Kd8 $18) 16... f6 (16... Kd8 {is not much help}
17. Ba6 Ng6 18. Bb7 $18) 17. Bf4 (17. Ba6 $142 {secures the win} Kf7 18. Nh4
$18) 17... Ng6 18. Bb5 (18. Be3 {might be the shorter path} Ne7 19. Qa4 Qc7 $18
) 18... Nxf4 (18... O-O 19. Be3 Rd8 20. Qa6 $18) 19. Qxd7+ Kf8 20. Re4 (20. Bc6
{makes it even easier for White} Qd8 21. g3 Qxd7 22. Bxd7 Ng6 $18) 20... a6 (
20... Qd8 21. g3 Nxd5 22. Qf5 $18) 21. Bc6 Ra7 22. Qf5 Re7 $2 (22... Rf7 23.
Nh4 g5 24. Rxf4 exf4 25. Ng6+ Kg7 26. Nxh8 Kxh8 27. Ba4 $18) 23. g3 (23. Rae1
$142 {seems even better} Qc7 24. g3 $18) 23... Nd3 $4 {Black crumbles in face
of a dire situation} (23... Kf7 $142 24. Rae1 Nd3 $18) 24. Nh4 Qxb2 (24... Kf7
{is still a small chance} 25. b3 c4 26. Rxc4 e4 $18) 25. Ng6+ Kf7 26. Nxh8+ Kg8
27. Qc8+ Kh7 28. Rf1 Qxa2 (28... Qb8 {the only chance to get some counterplay}
29. Qxb8 Bxb8 $18) 29. Bd7 Qxd5 30. Bf5+ g6 31. Nxg6 (31. Nxg6 Re8 32. Qxe8 Kg7
33. Qh8+ Kf7 34. Qh7+ Ke8 35. Qd7#) 1-0

[Event "Sapporo Autumn Chess Tornament 2019"]
[Site "?"]
[Date "2019.10.13"]
[Round "1.5"]
[White "Nishimori, Toshiyuki"]
[Black "Takeuchi, Hiroshi"]
[Result "1-0"]
[WhiteElo "1776"]
[BlackElo "1350"]
[Annotator "Fritz 11 SE (30s)"]
[PlyCount "127"]
[EventDate "2019.10.13"]

{B08: Pirc Defence: Classical System} 1. e4 d6 2. d4 Nf6 3. Nc3 g6 4. Be2 Bg7
5. h3 (5. e5 Nfd7 6. exd6 cxd6 7. Nf3 O-O 8. O-O Nf6 9. h3 d5 10. Bd3 Nc6 11.
a3 Bf5 12. Re1 Bxd3 13. Qxd3 e6 14. Bg5 Qb6 15. Rad1 Rac8 16. b4 Qc7 17. Nb5
Qb6 18. Ne5 Nb8 19. Re3 a6 {Murey,J (2420)-Keene,R (2480) Beersheba 1978 1-0 
(41)}) 5... O-O $146 {Black has a cramped position} (5... a6 6. a4 b6 7. Bf3 c6
8. Nge2 Bb7 9. Nf4 Nbd7 10. Nd3 e5 11. dxe5 Nxe5 12. Nxe5 dxe5 13. Qe2 O-O 14.
O-O Qc7 15. Be3 a5 16. Rfd1 Ba6 17. Qe1 Rfd8 18. Be2 Bxe2 19. Qxe2 Rd7 20. Qc4
{Reichenbach,W (2319)-Gebigke,M (2154) Berlin 2008 1-0 (71)}) 6. Be3 (6. Nf3 d5
7. e5 Ne4 $11) 6... e5 (6... d5 7. exd5 Na6 8. a3 $11) 7. Nf3 (7. dxe5 dxe5 8.
Qxd8 Rxd8 $11) 7... Nc6 (7... exd4 8. Nxd4 Re8 9. Bf3 $11) 8. d5 $14 {White
threatens to win material: d5xc6} Ne7 9. Qd2 a5 10. Bh6 {Black has a cramped
position} (10. O-O Bd7 $14) 10... Bd7 $11 11. Bxg7 {White forks: f6+f8} Kxg7 {
Black king safety dropped} 12. Nh2 {White has an active position} Neg8 {
Black has a cramped position} 13. Qg5 {Black king safety dropped} (13. a4 c6
$14) 13... Ne8 (13... b5 14. Qe3 b4 15. Nb1 $15) 14. Qxd8 {White forks: a8+d7}
Rxd8 {Black king safety improved} 15. g4 {Black has a cramped position} Kh8 (
15... c6 16. Nf1 $11) 16. h4 Ng7 17. Nb5 (17. Rd1 Ne7 $11) 17... Bxb5 $15 18.
Bxb5 f5 {Black threatens to win material: f5xe4} 19. Bd3 $2 (19. exf5 $142 $5 {
is worthy of consideration} gxf5 20. g5 $11) 19... fxe4 $17 20. Bxe4 Rf4 21. f3
Nf6 22. Bd3 (22. O-O $142 $17) 22... e4 $4 {weakening the position} (22... Nxd5
$142 {and Black can look forward to a comfortable game} 23. O-O-O Nf6 $19) 23.
fxe4 $11 Nxe4 24. Rf1 Rxf1+ 25. Nxf1 Re8 26. O-O-O (26. Ne3 $142 $5 $11 {
is worth consideration}) 26... Nf2 $17 27. c3 $4 {cause more grief} (27. Bb5
$142 c6 28. dxc6 Nxd1 29. Kxd1 $17) 27... Nxd1 28. Kxd1 Rf8 29. Kd2 (29. Be2 h5
30. Ng3 hxg4 31. Bxg4 Rf4 $19) 29... Rf2+ 30. Be2 Ne8 (30... h5 $142 $5 {
keeps an even firmer grip} 31. Ke3 Rg2 32. gxh5 Nf5+ 33. Kd3 gxh5 34. Bxh5 Rxb2
35. a4 $19) 31. Ke3 Rh2 $4 {throws away a nice position} (31... Rf8 32. g5 $19)
32. h5 (32. Nxh2 $142 {seems even better} Nf6 33. Kd4 Kg7 $18) 32... gxh5 $4 {
forfeits the clear win} (32... Rh3+ {and Black can already relax} 33. Kf2 gxh5
34. gxh5 $19) 33. gxh5 (33. Nxh2 {might be the shorter path} hxg4 34. Nxg4 Kg7
$18) 33... Nf6 $4 {what a pity, victory was in sight} (33... Rg2 $142 $19 {
and Black wins}) 34. Nxh2 $18 Nxd5+ 35. Kd2 Kg7 36. Ng4 (36. Bf3 $5 {makes it
even easier for White} Nb6 37. Bxb7 Kh6 $18) 36... Nf4 37. h6+ (37. Bf3 $5 {
and White can already relax} c6 $18) 37... Kg6 38. Bf3 b6 $4 {Black falls apart
} (38... Kg5 $18) 39. Ke3 (39. Be4+ $5 {keeps an even firmer grip} Kg5 40. Bxh7
Ne6 $18) 39... Ne6 (39... Kg5 {is not much help} 40. Nf6 $1 {Deflection: f4}
Ne6 41. Nxh7+ Kxh6 42. Nf6 $18) 40. Be4+ Kg5 41. Kf3 Nf8 42. Ne3 Kxh6 (42... b5
{doesn't change the outcome of the game} 43. Nd5 c5 44. Ne3 $18) 43. Nd5 c5 (
43... c6 {does not save the day} 44. Nxb6 d5 45. Bd3 $18) 44. Nxb6 Ne6 45. Kg4
Nf8 (45... Nc7 {doesn't change the outcome of the game} 46. Kf5 Kg7 47. Bf3 $18
) 46. Bf5 Kg7 (46... Ng6 {doesn't improve anything} 47. Nc4 $18) 47. Nc4 d5 (
47... Kf6 {doesn't do any good} 48. Nxd6 Ke5 49. Nb7 $18) 48. Nxa5 Ng6 (48...
Kf6 49. a4 d4 50. cxd4 cxd4 51. Nb3 h5+ 52. Kf4 $18) 49. Bxg6 Kxg6 50. Nb7 h5+
(50... Kf6 {cannot undo what has already been done} 51. a4 Ke6 52. a5 $18) 51.
Kh4 d4 (51... Kf6 $18 {there is nothing better in the position}) 52. cxd4 cxd4
53. Nc5 Kf5 54. a4 Ke5 (54... Kf4 {doesn't get the bull off the ice} 55. a5 Ke3
56. b4 Kd2 57. a6 Kc3 58. a7 Kxb4 59. a8=Q Kxc5 60. Kxh5 d3 61. Kh6 Kd4 62.
Qa1+ Kd5 63. Qf6 d2 64. Qg5+ Kd6 65. Qxd2+ Kc5 66. Kg7 Kb5 67. Kf6 Ka4 68. Qd1+
Kb4 69. Qd4+ Ka3 70. Qc3+ Ka4 71. Qc4+ Ka5 72. Ke6 Kb6 73. Qb4+ Kc7 74. Qb5 Kc8
75. Kd6 Kd8 76. Qd7#) 55. b4 Kd5 (55... Kf4 {hardly improves anything} 56. a5
Ke3 57. a6 Kd2 58. Kxh5 Kc3 59. a7 Kxb4 60. Kg5 Kc4 61. a8=Q Kxc5 62. Qa5+ Kc4
63. Kg6 Kd3 64. Qb5+ Ke4 65. Qb4 Ke5 66. Qe7+ Kd5 67. Kf5 d3 68. Qd8+ Kc4 69.
Qc7+ Kb3 70. Qf4 Kc3 71. Ke4 d2 72. Qe3+ Kc2 73. Qd3+ Kd1 74. Ke3 Kc1 75. Qxd2+
Kb1 76. Kd4 Ka1 77. Kc3 Kb1 78. Qb2#) 56. a5 (56. Kxh5 Kc4 57. a5 Kxb4 58. a6
Kxc5 59. a7 Kb4 60. a8=Q Kc5 61. Kg5 Kc4 62. Qh1 d3 63. Kf4 d2 64. Qc6+ Kb3 65.
Qd5+ Kc2 66. Qa2+ Kd3 67. Qb1+ Kd4 68. Qb6+ Kc3 69. Qa5+ Kc2 70. Qa4+ Kd3 71.
Qb3+ Kd4 72. Qb4+ Kd3 73. Qa4 d1=Q 74. Qxd1+ Kc4 75. Qc2+ Kb4 76. Ke5 Kb5 77.
Qd3+ Kc6 78. Qd5+ Kb6 79. Kd6 Ka7 80. Qb5 Ka8 81. Kc6 Ka7 82. Qb7#) 56... Kc6
$18 57. Kxh5 Kb5 58. Nd3 Kc4 59. a6 Kxd3 60. a7 Kc2 (60... Kc4 {does not win a
prize} 61. a8=Q Kxb4 62. Kg5 d3 63. Qb7+ Kc4 64. Qh7 Kd4 65. Kf4 Kc3 66. Qc7+
Kb2 67. Ke3 d2 68. Kxd2 Kb3 69. Kd3 Kb2 70. Qb8+ Ka3 71. Kc3 Ka4 72. Qb4#) 61.
a8=Q d3 62. Qe4 Kc3 63. Qxd3+ Kxd3 64. b5 (64. b5 Kc3 65. b6 Kb4 66. Kh4 Kc3
67. Kg5 Kb2 68. b7 Ka1 69. b8=Q Ka2 70. Qb4 Ka1 71. Qd4+ Ka2 72. Qc4+ Kb2 73.
Kf5 Kb1 74. Qb3+ Ka1 75. Qb6 Ka2 76. Ke4 Ka3 77. Kd4 Ka4 78. Kc4 Ka3 79. Qb3#)
1-0

[Event "Sapporo Autumn Chess Tornament 2019"]
[Site "?"]
[Date "2019.10.13"]
[Round "2.1"]
[White "Sugimoto, Koichi"]
[Black "Nishimori, Toshiyuki"]
[Result "1-0"]
[WhiteElo "1987"]
[BlackElo "1776"]
[Annotator "Fritz 11 SE (30s)"]
[PlyCount "39"]
[EventDate "2019.10.13"]

{B21: Sicilian: 2 f4 and Morra Gambit} 1. e4 c5 2. d4 cxd4 3. c3 dxc3 4. Nxc3
Nc6 5. Nf3 d6 6. Bc4 e6 7. O-O Bd7 8. Qe2 a6 (8... Nge7 9. Bg5 Qb8 10. Rad1 Ng6
11. Nd4 a6 12. Kh1 Be7 13. Bxe7 Ngxe7 14. f4 b5 15. Bb3 b4 16. Nxc6 Bxc6 17. f5
bxc3 18. fxe6 f6 19. Rf3 Qb5 20. Qxb5 axb5 21. Rxc3 O-O-O 22. Bd5 Kb7 23. Rb3 {
Zelic,M (2280)-Fauland,A (2451) Zadar 2010 0-1 (32)}) 9. Rd1 Qc7 $146 {White
has a very active position} (9... Qb8 10. Bf4 Ne5 11. Bxe5 dxe5 12. Rxd7 Kxd7
13. Bb5+ Ke7 14. Rd1 axb5 15. Qxb5 Kf6 16. Rd7 Nh6 17. Rxb7 Qd6 18. Rb6 Qc5 19.
Nd5+ Kg6 20. Nxe5+ Kg5 21. g3 Nf5 22. Nxf7+ Kg6 23. Nxh8+ Kh6 24. Nf7+ {
Katona,F (2250)-Ezsol,M (2340) Hungary 1993 1-0 (34)}) (9... Be7 10. Bf4 e5 11.
Be3 $11) 10. Bf4 $14 O-O-O {Black should quickly conclude development.} (10...
Nf6 $5 $14 {is worth consideration}) 11. Rac1 $16 Kb8 12. a3 Ka8 (12... Nf6 13.
b4 $16) 13. b4 Na7 $4 {terrible, but what else could Black do to save the game?
} (13... Nf6 $142 $5 $16) 14. Bd3 (14. Bxe6 {keeps an even firmer grip} Bxe6
15. Nd5 Qxc1 16. Nb6+ Kb8 17. Rxc1 Nf6 $18) 14... Qb8 (14... Nf6 15. e5 dxe5
16. Bxe5 $18) 15. b5 Nxb5 (15... axb5 {is still a small chance} 16. Bxb5 Nf6
$18) 16. Bxb5 Bxb5 (16... axb5 {desperation} 17. Nxb5 Rc8 18. Rxc8 Qxc8 $18)
17. Nxb5 axb5 (17... Rc8 {there is nothing else anyway} 18. Rxc8 Qxc8 $18) 18.
Qxb5 Nf6 (18... Qa7 {doesn't get the cat off the tree} 19. Rd4 Kb8 20. Rb4 Be7
21. Be3 b6 22. Bxb6 Ka8 23. Bxa7 Kxa7 24. Ra4#) 19. Qa5+ Qa7 20. Qxd8+ (20.
Qxd8+ Qb8 21. Qa5+ Qa7 22. Rc8#) 1-0